000 00541nam a22001697a 4500
003 OSt
005 20240927005709.0
008 240927b |||||||| |||| 00| 0 eng d
040 _c0
082 _aDPer 050 R22 2000 January-May 2023 v123 no. 719-723
100 _a Curry, Andrew.
_eauthor.
_961728
245 _aThe best show in ancient rome /
_cAndrew Curry.
260 _aTaipei ;
_bReader's Digest Asia,
_cMay 2023.
300 _aVolume 123, pages 80-87 ,
_billustration.
700 _a Curry, Andrew.
_eauthor.
_961728
942 _2ddc
_cPER
999 _c21952
_d21952